| 000 | 00503cam a22002054a 4500 | ||
|---|---|---|---|
| 005 | 20250605164258.0 | ||
| 008 | 250528s ||||||||||||||||||||||||d | ||
| 035 | _a21965 | ||
| 020 | _a9780273688471 | ||
| 040 |
_aGR-AtMCL _bgre _dGR-AtMCL _eAACR2 |
||
| 245 | 1 | _aFINANCIAL ACCOUNTING FOR DECISION MAKERS | |
| 250 | _a4 | ||
| 260 |
_bPrentice Hall, _c2005 |
||
| 300 | _a415 | ||
| 700 | 1 |
_aAtrill Peter _9129 |
|
| 700 | 1 |
_aMclaney Eddie _9131 |
|
| 942 | _cBK | ||
| 999 |
_c7021 _d7021 |
||